| 000 -CABECERA |
| Longitud fija campo de control |
00892nam a2200229 a 4500 |
| 001 - NÚMERO DE CONTROL |
| Número de control |
3704 |
| 003 - IDENTIFICADOR DEL NÚMERO DE CONTROL |
| Identificador del número de control |
CDMR |
| 005 - FECHA Y HORA DE LA ÚLTIMA TRANSACCIÓN |
| Fecha y hora de la última transacción |
20130419122108.0 |
| 008 - CÓDIGOS DE INFORMACIÓN DE LONGITUD FIJA |
| Códigos de información de longitud fija |
130130s2009||||sp |||||||||||||||||spa|d |
| 020 ## - NÚMERO INTERNACIONAL NORMALIZADO PARA LIBROS |
| Número Internacional Normalizado para Libros (ISBN) |
9788480432047 |
| 040 ## - FUENTE DE LA CATALOGACIÓN |
| Centro catalogador de origen |
CDMR |
| Lengua de catalogación |
cat |
| Centro transcriptor |
CPC GIRONA |
| 245 00 - MENCIÓN DE TÍTULO |
| Título |
Gerda Taro |
| Mención de responsabilidad, etc. |
Editado por Irme Schaber, Richard Whelman y Kristen Lubben |
| 250 ## - MENCIÓN DE EDICIÓN |
| Mención de edición |
1a ed. en castellà |
| 260 ## - PUBLICACIÓN, DISTRIBUCIÓN, ETC. (PIE DE IMPRENTA) |
| Lugar de publicación, distribución, etc. |
Barcelona |
| Nombre del editor, distribuidor, etc. |
Museu Nacional d'Art de Catalunya |
| 260 ## - PUBLICACIÓN, DISTRIBUCIÓN, ETC. (PIE DE IMPRENTA) |
| Lugar de publicación, distribución, etc. |
New York |
| Nombre del editor, distribuidor, etc. |
International Centre of Photography |
| 260 ## - PUBLICACIÓN, DISTRIBUCIÓN, ETC. (PIE DE IMPRENTA) |
| Lugar de publicación, distribución, etc. |
Göttingen |
| Nombre del editor, distribuidor, etc. |
STEIDL |
| Fecha de publicación, distribución, etc. |
2009 |
| 300 ## - DESCRIPCIÓN FÍSICA |
| Extensión |
175 p. |
| Otras características físicas |
il. |
| 500 ## - NOTA GENERAL |
| Nota general |
Catàleg en ocasió de l'exposició, organitzada pel International Centre of Photography, celebrada entre el 7 de juliol i el 27 de setembre de 2009 al Museu Nacional d'Art de Catalunya. |
| 600 1# - PUNTO DE ACCESO ADICIONAL DE MATERIA - NOMBRE DE PERSONA |
| 9 (RLIN) |
3223 |
| Nombre de persona |
Taro, Gerda |
| Fechas asociadas al nombre |
1910-1937 |
| Subdivisión de forma (R ) |
Col·leccions de fotografies |
| 650 04 - PUNTO DE ACCESO ADICIONAL DE MATERIA - TÉRMINO DE MATERIA |
| 9 (RLIN) |
1270 |
| Término de materia o nombre geográfico como elemento inicial |
Fotoperiodisme |
| 942 ## - ENTRADA DE ELEMENTOS AGREGADOS (KOHA) |
| Koha [por defecto] tipo de item |
Monografies |
| Fuente de clasificaión o esquema |
|